Kosmos-Pilzfibel : (Registro nro. 2352)

Detalles MARC
000 -CABECERA
Campo de control 01060nam a2200289 i 4500
005 - FECHA Y HORA DE LA ULTIMA TRANSACCION
Campo de control 20151009124034.0
008 - ELEMENTOS DE LONGITUD FIJA—INFORMACION GENERAL
Campo de control 780920s1978 gw a b 001 0 ger
020 ## - ISBN
ISBN 3440002985
040 ## - FUENTE DE CATALOGACIÓN
Agencia catalogadora original DLC
Agencia transcriptora DLC
Agencia Modificadora DLC
-- CO-BoIAVH
041 1# - IDIOMA
Código de idioma para texto/pista de sonido o título separado Alemán
044 ## - PAÍS DE PUBLICACIÓN
País de publicación Alemania
082 04 - NUMERO DE CLASIFICACION DECIMAL DEWEY
Número de clasificación 635.8
Número del ítem K96k
100 1# - ASIENTO PRINCIPAL--NOMBRE PERSONAL
Nombre personal Kult, Karel.
9 (RLIN) 15534
245 10 - MENCION DE TITULO
Título Kosmos-Pilzfibel :
Parte restante del título praktischer Leitfaden für den Pilzsammler /
Mención de responsabilidad Karel Kult ; mit 108 Farbfotos von J. und M. Erhart ; [aus dem Tschechischen übertragen von Hana Barthova].
260 ## - PUBLICACION, DISTRIBUCION, ETC. (PIE DE IMPRENTA)
Lugar de publicación, distribución, etc. Stuttgart (Alemania):
Nombre del editor, distribuidor, etc. Franckh,
Fecha de publicación, distribución, etc. 1978.
300 ## - DESCRIPCION FISICA
Extensión 64 páginas :
Otros detalles físicos ilustraciones a color ;
Dimensiones 20 cm.
490 0# - MENCION DE SERIE
Mención de serie Kosmos-Bibliothek ; Bd. 298
Número International Normalizado para Libros 0452-621X
500 ## - NOTA GENERAL
Nota general Incluye índice.
504 ## - NOTA DE BIBLIOGRAFIA, ETC.
Nota de bibliografía Incluye referencias bibliográficas (página 62).
650 #0 - ASIENTO SECUNDARIO DE MATERIA - TERMINO TEMATICO
Término temático o nombre geográfico como elemento de entrada Hongos
Subdivisión general Identificación.
9 (RLIN) 40869
650 #0 - ASIENTO SECUNDARIO DE MATERIA - TERMINO TEMATICO
Término temático o nombre geográfico como elemento de entrada Hongos
Subdivisión de forma Guía
Subdivisión general Identificación.
9 (RLIN) 40870
650 #0 - ASIENTO SECUNDARIO DE MATERIA - TERMINO TEMATICO
Término temático o nombre geográfico como elemento de entrada Hongos
Subdivisión general Clasificación.
9 (RLIN) 40871
650 #6 - ASIENTO SECUNDARIO DE MATERIA - TERMINO TEMATICO
Término temático o nombre geográfico como elemento de entrada Hongos
Subdivisión general Taxonomía
9 (RLIN) 40872
700 1# - ASIENTO SECUNDARIO - NOMBRE PERSONAL
Nombre personal Erhart, Josef.
9 (RLIN) 40867
700 1# - ASIENTO SECUNDARIO - NOMBRE PERSONAL
Nombre personal Erhart, M.
9 (RLIN) 40868
942 ## - ELEMENTOS ADICIONALES (KOHA)
Sistema de clasificación Dewey Decimal Classification
Tipo de ítem Libro
Existencias
Withdrawn status Lost status Sistema de Clasificación Damaged status No para préstamo Colección Inventariado Ubicación Permanente Ubicación actual Fecha de adquisición Fuente de Valor Valor Total Checkouts Número topográfico Inventario / Código de Barras Date last seen Ejemplar Price effective from Tipo de material
    Dewey Decimal Classification     General Inventariado 2017 Bogotá Bogotá 12/06/2001 Amazon 30000.00   LB-635.8 K96k 002925 04/12/2012 Ej. 1 04/12/2012 Libro